000 00443 a2200169 4500
003 Nust
005 20170207153349.0
040 _cNust
082 _a005.1
100 _aWyne , Capt Shuaib Nauman BESE-03
245 _aCentralized Railway Reservation System
_cCapt Nauman Shuaib Wyne & Capt Imran Ali BESE-03
260 _bMCS
_c2001
300 _a102 p
538 _aAlmirah No 71 Shelf No 3
650 _aUG Projects
651 _aUG CS Projects
942 _cTHS
999 _c184501
_d184501